000 005620000a22001810004500
003 MACL
005 20160722162412.0
008 160722b xxu||||| |||| 00| 0 eng d
040 _aMACL
_cMACL
041 _aHindi
082 _a741.642 GAR
100 _aगर्ग, चित्रा
_9567
245 _aबाल पहेली कोश
_cचित्रा गर्ग
260 _bबालसभा प्रकाशन
_c2001
_aनई दिल्‍ली
350 _a250
650 _aChildren's Book
_965033
942 _cHIN
_k741.642
_2ddc
999 _c18501
_d18501